Svědkové časů /

Popularizační dílo o badatelích, kteří pátrali po ztracených rukopisech, objevovali je, luštili a vykládali, zachycuje pátrání renesančních badatelů, jako Petrarky, Boccaccia, objevy v Pompejích a Herculaneu, nálezy v Egyptě, na Blízkém východě, hledání nejstarších biblických rukopisů ve Střední Asi...

Celý popis

Hlavní autor: Deuel, Leo
Další autoři: Caha, Jan, 1910-1981
Jazyk: Čeština
Vydáno: Praha : Odeon, 1974 [i.e. 1975],
Vydání: 1. vyd.
Edice: Klub čtenářů (Odeon)
Externí odkaz: Digitalizovaný dokument
Fyzický popis: 471 s., [40] s. obr. příl : il., faksim. ; 8°
Knihy
Uloženo v:
LEADER 01812nam a22003732a 4500
001 000148414
003 CZ BrMZK
005 20121016074155.0
007 ta
008 950101s1974 xr a f cze d
015 |a cnb000469157 
035 |a (OCoLC)42101531 
040 |a ABA001  |b cze  |c LIA001  |d ABA001 
041 1 |a cze  |h eng 
080 9 |a 92(100):930.22(091)(084.12) 
080 9 |a 091/096(100)(091:084.1) 
100 1 |a Deuel, Leo  |7 kv2007386757  |4 aut 
245 1 0 |a Svědkové časů /  |c Leo Deuel ; [přeložil Jan Caha] 
250 |a 1. vyd. 
260 |a Praha :  |b Odeon,  |c 1974 [i.e. 1975],  |f SG 01) 
300 |a 471 s., [40] s. obr. příl :  |b il., faksim. ;  |c 8° 
490 1 |a Klub čtenářů ;  |v sv. 369 
500 |a 37000 výt. 
504 |a Obsahuje bibliografii, bibliografické odkazy a rejstřík 
520 2 |a Popularizační dílo o badatelích, kteří pátrali po ztracených rukopisech, objevovali je, luštili a vykládali, zachycuje pátrání renesančních badatelů, jako Petrarky, Boccaccia, objevy v Pompejích a Herculaneu, nálezy v Egyptě, na Blízkém východě, hledání nejstarších biblických rukopisů ve Střední Asii, objevování a luštění kodexů a jiných památek z doby Aztéků a Mayů ve Střední Americe aj. 
700 1 |a Caha, Jan,  |d 1910-1981  |7 jk01020521  |4 trl 
765 0 |t Testaments of time  |9 Česky 
830 0 |a Klub čtenářů (Odeon)  |0 s 
856 4 1 |u http://www.digitalniknihovna.cz/mzk/uuid/uuid:cb339570-6b74-11e2-8aec-005056827e52  |y Digitalizovaný dokument  |x NDK 
910 |a BOA001  |b 3-0739.569 
990 |a BK 
991 |b 201210 
996 6 |b 2610525595  |c 3-0739.569  |l MZK  |r Sklad / do 1 hodiny  |n 1  |w 000148414  |u 000020  |a 1  |e BOA001  |j MZK50  |s P 
996 7 |b 2619930352  |c 3-0739.569  |l MZK  |r Sklad / do 1 hodiny  |n 21  |w 000148414  |u 000010  |a 1  |e BOA001  |j MZK50  |s A